000 00914nam a2200229 a 4500
005 20191217041922.0
008 140319s2005 ck d fr|||| 000 0 spa d
020 _a958701541X
040 _aCO-BoIAVH
_cCO-BoIAVH
041 0 _aspa
044 _ack
082 0 4 _a354
_bG64m
100 1 _aGonzález, Jorge Iván
245 1 3 _aEl manejo de los recursos naturales no renovables :
_bsus efectos fiscales y macroeconómicos
_cFEDESARROLLO, Centro de Investigaciones para el Desarrollo, Universidad Nacional de Colombia
260 _aBogotá :
_bUniversidad Nacional de Colombia :
_bCentro de Investigaciones para el Desarrollo :
_bFedesarrollo,
_c2005.
300 _a119 páginas :
_bGráficos ;
_c24 x 18 cm.
650 6 _aRecursos naturales no renovables
650 6 _aImpacto económico
650 6 _aManejo de recursos
700 1 _aZapata, Juan Gonzalo
942 _cLIBRO
_2ddc
999 _c5260
_d5260